Charakteristika, chemické zloženie a význam cereálií a pseudocereálií vo výžive bakalárska práca

Salvato in:
Dettagli Bibliografici
Autore principale: Bartalošová, Veronika
Natura: Libro
Lingua:slovacco
Pubblicazione: Bratislava STU FCHPT 2014
Accesso online:Visualizza in OPAC
Tags: Aggiungi Tag
Nessun Tag, puoi essere il primo ad aggiungerne!!

MARC

LEADER 00000nam a2200000 a 4500
005 20260127133954.0
008 140904 2014 000 0 slo d
035 |a vtls010617784 
039 9 |y 201409041340  |z mschk03 
040 |a STUSCHK1  |b slo  |c STUSCHK1  |e AACR2 
100 1 |a Bartalošová, Veronika 
245 1 |a Charakteristika, chemické zloženie a význam cereálií a pseudocereálií vo výžive  |b bakalárska práca  |c Veronika Bartalošová 
260 |a Bratislava  |b STU FCHPT  |c 2014 
300 |a 49 s.  |b Obr., tab.  |c 30 cm 
500 |a Obhájené: 17.7.2014 
500 |a Štud. program: výživa-kozmetika-ochrana zdravia 
500 |a Štud. odbor: potravinárstvo 
500 |a Školiace pracovisko: Odd. potravinárskej technológie 
500 |a Evid. číslo: FCHPT-13046-43484 
910 |a SCHK95 
999 |c 1194  |d 1194